[Event "Dieren op"]
[Site "Dieren"]
[Date "2019.07.31"]
[Round "8"]
[White "Lahaye, Rick"]
[Black "Van Baar, Esper"]
[Result "1-0"]
[WhiteElo "2421"]
[BlackElo "2108"]
[PlyCount "49"]
[EventDate "2019.07.23"]
[EventType "swiss"]
[EventRounds "9"]
[EventCountry "NED"]
[SourceTitle "CBM 191 Extra"]
[Source "ChessBase"]
[SourceDate "2019.09.30"]
[SourceVersion "1"]
[SourceVersionDate "2019.09.30"]
[SourceQuality "1"]

1. d4 Nf6 2. e3 g6 3. Nd2 Bg7 4. g4 h6 5. h3 d5 6. Bg2 c5 7. c3 Nc6 8. Ne2 0-0 9. 0-0 e5 10. dxc5 h5 11. g5 Nd7 12. e4 d4 13. Nb3 Qe7 14. f4 d3 15. Qxd3 exf4 16. Nxf4 Nxc5 17. Nxc5 Qxc5+ 18. Be3 Qa5 19. Nd5 Ne5 20. Qe2 Be6 21. Bd4 Nd7 22. b4 Bxd4+ 23. cxd4 Qd8 24. Nf4 Qxg5 25. d5 1-0